2025 European Cup Finals - Statistics

General Stats
  • This quiz has been taken 5 times
  • The average score is 12 of 30
Answer Stats
Hint Answer % Correct
UEFA Champions League Paris Saint-Germain
100%
Coupe de France (FRA) Paris Saint-Germain
100%
UEFA Conference League Chelsea FC
80%
UEFA Champions League Inter Milan
80%
Copa del Rey (ESP) FC Barcelona
60%
UEFA Europa League Manchester United
60%
Copa del Rey (ESP) Real Madrid
60%
Coppa Italia (ITA) AC Milan
40%
Coppa Italia (ITA) Bologna FC
40%
Coupe de Belgique (BEL) Club Brugge
40%
FA Cup (ENG) Crystal Palace
40%
Schweizer CUP (SUI) FC Basel
40%
Türkiye Kupası (TUR) Galatasaray
40%
FA Cup (ENG) Manchester City
40%
Taça de Portugal (POR) Sporting
40%
UEFA Europa League Tottenham Hotspur
40%
DFB-Pokal (GER) VfB Stuttgart
40%
DFB-Pokal (GER) Arminia Bielefeld
20%
KNVB Beker (NED) AZ Alkmaar
20%
Taça de Portugal (POR) Benfica
20%
Schweizer CUP (SUI) FC Biel-Bienne
20%
KNVB Beker (NED) Go Ahead Eagles Deventer
20%
UEFA Conference League Real Betis Sevilla
20%
Coupe de Belgique (BEL) RSC Anderlecht
20%
MOL Cup (CZE) Sigma Olomouc
20%
MOL Cup (CZE) Sparta Praha
20%
Coupe de France (FRA) Stade Reims
20%
Türkiye Kupası (TUR) Trabzonspor
20%
ÖFB Cup (AUT) Wolfsberger AC
20%
ÖFB Cup (AUT) TSV Hartberg
0%
No matching quizzes found
Score Distribution
Percent of People with Each Score
Percentile by Number Answered
Your Score History
You have not taken this quiz